| 000 | 01461nam a2200253Ia 4500 | ||
|---|---|---|---|
| 999 |
_c42504 _d42504 |
||
| 001 | 9201 | ||
| 003 | GE_BSU | ||
| 005 | 20210531162218.0 | ||
| 008 | 181216s2013||||ge |||||||||||||| ||geo|| | ||
| 020 | _a9789941934735 | ||
| 040 | _cGE_BSU | ||
| 041 | _ageo | ||
| 080 | _a347.9(076) შ-77 | ||
| 100 |
_aშმიტი, შტეფან _911922 |
||
| 245 |
_aმოსამართლის მიერ გადაწყვეტილების მიღების პროცესი სამოქალაქო სამართალში : _bმოკლე შესავალი რელაციის მეთოდში / _cშტეფან შმიტი, რიჰტერი ჰარალდ ; მთაგმნ. ქეთევან ფხაკაძე ; რედ. : დარეჯან დარჯანია, ხატია კიკალიშვილი. |
||
| 264 |
_a[თბილისი] : _b[გ.გ.], _c2013. |
||
| 300 |
_a76 გვ. ; _c22 სმ. |
||
| 653 | _aსამართალი | ||
| 700 |
_aჰარალდ, რიჰტერი _eავტორი _911923 |
||
| 700 |
_aფხაკაძე, ქეთევან _eმთაგმნელი _911881 |
||
| 700 |
_aდარჯანია, დარეჯან _eრედაქტორი _911924 |
||
| 700 |
_aკიკალიშვილი, ხატია _eრედაქტორი _911925 |
||
| 942 |
_cBK _2udc |
||